000 00438nam a2200181Ia 4500
001 13904
005 20260306164835.0
008 260306t2008||||xx |||||||||||||| ||spa||
041 _aESP
082 _a005.43L
_bN39
100 _aNemeth, Evi
_eAUT
245 0 _aLa biblia de administración de sistemas Linux
260 _c2008
300 _a1119 páginas :
_c25 cm.
650 _aGEN
654 _aCCC
942 _cLIB
_dJUS
_fJUS
_2ddc
_n
999 _c13904
_d13904